Reforma zdravotníctva v podmienkach SR

Salvato in:
Dettagli Bibliografici
Autore principale: Drábeková, Mária
Natura: Capitolo di libro
Lingua:slovacco
Tags: Aggiungi Tag
Nessun Tag, puoi essere il primo ad aggiungerne!!

MARC

LEADER 00000naa$a2200000$$$4500
001 0063585
005 20240502071732.3
041 0 |a slo 
044 |a SK 
245 1 0 |a Reforma zdravotníctva v podmienkach SR  |c Mária Drábeková 
100 1 |a Drábeková, Mária